000 01601cam a2200169 4500500
005 20260111104950.0
041 _afre
042 _adc
100 1 0 _aBreyer, Stephen
_eauthor
245 0 0 _aDes modèles opposés dans le projet de Constitution européenne
260 _c2005.
500 _a53
520 _aRésuméLa comparaison entre le projet de Constitution européenne et la Constitution des États-Unis est très tentante. Elle permet en particulier de relever la pluralité des modèles contenus dans le texte proposé par la Convention européenne. La nature du projet, entre traité et constitution, et sa finalité, entre fédération et confédération, entre démocratie et marché, ne ressortent pas du texte avec clarté, laissant une marge importante à l’interprétation des juges et à la pratique politique et institutionnelle.
520 _aCompeting Models in the Proposed European ConstitutionComparing the EU’s draft Constitution with the American Constitution is tempting for an American judge. It leads specifically to point out to the competing models in the draft Constitution. The nature of the project, between a treaty and a constitution, and its ultimate goal, between a federation and a confederation, and between a common market and a social democracy, are not clear-cut, thus leaving much leeway to interpreters and to the political and institutional practice.
786 0 _nPolitique américaine | 2 | 2 | 2005-06-01 | p. 107-118 | 1771-8848
856 4 1 _uhttps://shs.cairn.info/revue-politique-americaine-2005-2-page-107?lang=fr&redirect-ssocas=7080
999 _c1631235
_d1631235